Movies Quiz

Random Movies or Box Office Quiz

Highest Grossing Movie Dads Quiz Stats

 Plays Quiz Updated Aug 25, 2018

Score 0/17 Timer 06:00
1 Play Today
% Correct
The Lion King
96.2%
Finding Dory
94.4%
Finding Nemo
94.2%
Frozen
93.8%
Incredibles 2
87.6%
Beauty and the Beast
84.7%
The Lord of the Rings: Return of the King
84.5%
Harry Potter and the Deathly Hallows: Part II
79.5%
Zootopia
76.6%
% Correct
Harry Potter and the Sorcerer's Stone
65.9%
Inside Out
65.3%
Star Wars: The Force Awakens
60.2%
The Hobbit: The Desolation of Smaug
54%
Captain America: Civil War
52.9%
Indiana Jones and the Kingdom of the Crystal Skull
50.3%
The Hobbit: Battle of the Five Armies
35.7%
Rogue One: A Star Wars Story
25.4%

You're not logged in!

Compare scores with friends on all Sporcle quizzes.
OR
Log In

Sporcle TV

Today on Sporcle TV


Watch our educational content, quiz creation guides, and fun videos on Sporcle TV.

Show Comments

Extras

Top Quizzes Today


Score Distribution

Your Account Isn't Verified!

In order to create a playlist on Sporcle, you need to verify the email address you used during registration. Go to your Sporcle Settings to finish the process.

Report this User

Report this user for behavior that violates our Community Guidelines.

Details: